Haiti : Sixth Review Under the Extended Credit Facility, Request for Waiver of Performance Criterion, and Augmentation of Access; Staff Report; Staff Statements; Press Release on the Executive Board Discussion; and Statement by the Executive Director for Haiti.

This paper presents Haiti's Sixth Review under the Extended Credit Facility and request for Waiver of Performance Criterion, and Augmentation of Access. Manufacturing activity would be hit the most, as the largest enterprises, including the important export textile sector, have been located in...

Ful tanımlama

Detaylı Bibliyografya
Müşterek Yazar: International Monetary Fund
Materyal Türü: Dergi
Dil:English
Baskı/Yayın Bilgisi: Washington, D.C. : International Monetary Fund, 2010.
Seri Bilgileri:IMF Staff Country Reports; Country Report ; No. 2010/035
Online Erişim:Full text available on IMF
LEADER 01856cas a2200241 a 4500
001 AALejournalIMF006277
008 230101c9999 xx r poo 0 0eng d
020 |c 5.00 USD 
020 |z 9781451817805 
022 |a 1934-7685 
040 |a BD-DhAAL  |c BD-DhAAL 
110 2 |a International Monetary Fund. 
245 1 0 |a Haiti :   |b Sixth Review Under the Extended Credit Facility, Request for Waiver of Performance Criterion, and Augmentation of Access; Staff Report; Staff Statements; Press Release on the Executive Board Discussion; and Statement by the Executive Director for Haiti. 
264 1 |a Washington, D.C. :  |b International Monetary Fund,  |c 2010. 
300 |a 1 online resource (63 pages) 
490 1 |a IMF Staff Country Reports 
500 |a <strong>Off-Campus Access:</strong> No User ID or Password Required 
500 |a <strong>On-Campus Access:</strong> No User ID or Password Required 
506 |a Electronic access restricted to authorized BRAC University faculty, staff and students 
520 3 |a This paper presents Haiti's Sixth Review under the Extended Credit Facility and request for Waiver of Performance Criterion, and Augmentation of Access. Manufacturing activity would be hit the most, as the largest enterprises, including the important export textile sector, have been located in the Port-au-Prince area. The destruction of government and private buildings is also estimated to result in a sharp drop in government services, commerce, and tourism. Agriculture, the main growth driver, would be affected owing to widespread damages to the production systems in and around the earthquake area. 
538 |a Mode of access: Internet 
830 0 |a IMF Staff Country Reports; Country Report ;  |v No. 2010/035 
856 4 0 |z Full text available on IMF  |u http://elibrary.imf.org/view/journals/002/2010/035/002.2010.issue-035-en.xml  |z IMF e-Library